000 00527nam a2200169Ia 4500
003 IN-BaIIA
008 211028s9999 xx 000 0 eng d
020 _a0-7148-2938-2
040 _cIIA Library
080 _a022:727.8
_bGOO
100 _aGooding, Mel
_932197
245 0 _aNational and university library, Ljubljana:Plecnik, Joze
_cMel Gooding
260 _aLondon
_bPhaidon Press
_c1997
300 _a60p.
650 _aArchitecture- library buildings
_932198
942 _cBK
999 _c17106
_d17106